Statistics for Crowd-Sourced General Knowledge #20

Click here to take the quiz!

General Stats

  • This quiz has been taken 14,090 times
  • The average score is 13 of 20

Answer Stats

QuestionAnswer% Correct
What is known as the "Red Planet"?Mars
97%
What fictional sport was invented by J. K. Rowling?Quidditch
85%
What common fruit has its seeds on the outside?Strawberry
84%
What tiny nation can be found along the French Riviera?Monaco
83%
What is the chemical formula of Sodium Chloride?NaCl
77%
What are monozygotic twins called in plain English?{Identical} twins
76%
What is the median of the following values: 60, 140, 400?140
74%
What company released the Walkman in 1979?Sony
74%
What South Korean production set a record in 2021 when it was watched
for 1.65 billion hours during its first month on Netflix?
Squid Game
74%
What's the French word for cheese?Fromage
70%
Who played for the Los Angeles Lakers for 20 seasons from 1996–2016?
Kobe Bryant
63%
What does TKO mean in boxing?Technical knockout
60%
What modern conveyance emerged from an 1817 invention called the
vélocipède, swift-walker, or dandy horse?
Bicycle
59%
A group of lions is a pride. What is a group of whales?A pod
58%
What did Queen Elizabeth II celebrate in 2012, becoming only the second
British monarch to do so?
Diamond jubilee
55%
What 1992 movie starring Whitney Houston has the best-selling soundtrack of all-time?The Bodyguard
54%
What is the road to hell paved with?Good intentions
50%
Who played the role of Indiana Jones's estranged father in "The Last Crusade"?Sean Connery
49%
What philosopher is credited with the phrase "cogito ergo sum", translated in
English as "I think therefore I am"?
René Descartes
47%
What is the world's largest diamond mining company – founded by Cecil Rhodes in 1888?De Beers
39%

Score Distribution

Percentile by Number Answered

Percent of People with Each Score

Your Score History

You have not taken this quiz